000 00639nac a22001691u 4500
008 100701s2002 enk|||||r|||| 001 0 eng d
020 _a0853694257
082 _a615.10727
_bJON
_222
100 _aJones, David S.
_915669
245 _aPharmaceutical Statistics /
_cDavid S. Jones
260 _aLondon :
_bPharmaceutical Press, 2002
_c2002.
300 _axvi, 586 p. ;
_c24 cm.
500 _aIncludes index
650 _aPharmacy
_vStatistical methods.
_915674
942 _cBB
_k615.10727JON
_2ddc
999 _c1626
_d1626